Essentials of anatomy and physiology for nursing practice (Record no. 31383)
[ view plain ]
| 000 -LEADER | |
|---|---|
| fixed length control field | 00762nam a2200193 a 4500 |
| 008 - FIXED-LENGTH DATA ELEMENTS--GENERAL INFORMATION | |
| fixed length control field | 191203s2016 ||||||||||||||||| || u |
| 020 ## - INTERNATIONAL STANDARD BOOK NUMBER | |
| International Standard Book Number | 9781473938465 |
| 050 ## - LIBRARY OF CONGRESS CALL NUMBER | |
| Classification number | QP 34.5 Boo |
| 100 ## - MAIN ENTRY--PERSONAL NAME | |
| Personal name | Boore, Jennifer |
| 245 10 - TITLE STATEMENT | |
| Title | Essentials of anatomy and physiology for nursing practice |
| Statement of responsibility, etc. | By Jennifer Boore ; Neal Cook ; Andrea Shepherd |
| 260 ## - PUBLICATION, DISTRIBUTION, ETC. | |
| Place of publication, distribution, etc. | Los Angeles |
| Name of publisher, distributor, etc. | SAGE Publications |
| Date of publication, distribution, etc. | 2016 |
| 300 ## - PHYSICAL DESCRIPTION | |
| Extent | xxxix, 574 pages : illustrations |
| 350 ## - | |
| -- | 30.22 |
| 650 #0 - SUBJECT ADDED ENTRY--TOPICAL TERM | |
| Topical term or geographic name entry element | HUMAN ANATOMY |
| 650 #0 - SUBJECT ADDED ENTRY--TOPICAL TERM | |
| Topical term or geographic name entry element | HUMAN PHYSIOLOGY |
| 700 ## - ADDED ENTRY--PERSONAL NAME | |
| Personal name | Cook, Neal |
| 700 ## - ADDED ENTRY--PERSONAL NAME | |
| Personal name | Shepherd, Andrea |
| 995 ## - | |
| -- | MICHAEL CHILUFYA SATA OPEN ACCESS |
| -- | 904584 |
| -- | CBU-SCHOOL OF MEDICINE LIBRARY (Ndola) |
| -- | 30.22 |
| -- | QP 34.5 Boo |
| -- | 1 |
| -- | AVAILABLE |
| -- | Dec 9, 2019 |
| -- | 904584 |
| -- | Medical Library Open Access Collection |
| 999 ## - | |
| -- | 31383 |
| -- | 31383 |
| Withdrawn status | Lost status | Source of classification or shelving scheme | Damaged status | Not for loan | Permanent Location | Current Location | Shelving location | Date acquired | Total Checkouts | Full call number | Barcode | Date last seen | Price effective from | Koha item type |
|---|---|---|---|---|---|---|---|---|---|---|---|---|---|---|
| CBU-SCHOOL OF MEDICINE LIBRARY, NDOLA. | CBU-SCHOOL OF MEDICINE LIBRARY, NDOLA. | 11/30/2022 | QP 34.5 Boo | 904584 | 11/30/2022 | 11/30/2022 | MONOGRAPH |